<?xml version="1.0" encoding="UTF-8"?>
<record
    xmlns:xsi="http://www.w3.org/2001/XMLSchema-instance"
    xsi:schemaLocation="http://www.loc.gov/MARC21/slim http://www.loc.gov/standards/marcxml/schema/MARC21slim.xsd"
    xmlns="http://www.loc.gov/MARC21/slim">

  <leader>00490nam a2200169Ia 4500</leader>
  <controlfield tag="005">20250806130719.0</controlfield>
  <controlfield tag="008">231217s9999    xx            000 0 und d</controlfield>
  <datafield tag="020" ind1=" " ind2=" ">
    <subfield code="a">978-0321176448</subfield>
  </datafield>
  <datafield tag="082" ind1=" " ind2=" ">
    <subfield code="a">001.64404  KUR;14</subfield>
  </datafield>
  <datafield tag="100" ind1=" " ind2=" ">
    <subfield code="a">Kurose, James F. Ross, Keith W.</subfield>
  </datafield>
  <datafield tag="245" ind1=" " ind2="0">
    <subfield code="a">Computer networking : a top down approach featuring the internet</subfield>
  </datafield>
  <datafield tag="250" ind1=" " ind2=" ">
    <subfield code="a">2nd ed.</subfield>
  </datafield>
  <datafield tag="260" ind1=" " ind2=" ">
    <subfield code="c">2003</subfield>
    <subfield code="b">Pearson</subfield>
    <subfield code="a">Delhi</subfield>
  </datafield>
  <datafield tag="300" ind1=" " ind2=" ">
    <subfield code="a">750</subfield>
  </datafield>
  <datafield tag="650" ind1=" " ind2=" ">
    <subfield code="a">Computer,networking,:,top,down,featuring</subfield>
  </datafield>
  <datafield tag="942" ind1=" " ind2=" ">
    <subfield code="c">AA</subfield>
  </datafield>
  <datafield tag="999" ind1=" " ind2=" ">
    <subfield code="c">174751</subfield>
    <subfield code="d">174751</subfield>
  </datafield>
  <datafield tag="952" ind1=" " ind2=" ">
    <subfield code="r">2024-04-02 00:00:00</subfield>
    <subfield code="l">1</subfield>
    <subfield code="o">001.64404  KUR;14</subfield>
    <subfield code="p">34437</subfield>
    <subfield code="W">20</subfield>
    <subfield code="q">2016-09-07</subfield>
    <subfield code="s">2024-04-02</subfield>
    <subfield code="v">288.00</subfield>
    <subfield code="w">2024-01-26</subfield>
    <subfield code="y">AA</subfield>
    <subfield code="1">0</subfield>
    <subfield code="4">0</subfield>
    <subfield code="7">0</subfield>
    <subfield code="8">CL</subfield>
    <subfield code="0">0</subfield>
    <subfield code="K">2005/INV/000034</subfield>
    <subfield code="L">07/06/2008</subfield>
    <subfield code="a">ML</subfield>
    <subfield code="b">ML</subfield>
    <subfield code="c">CL</subfield>
    <subfield code="d">2005-05-17</subfield>
    <subfield code="e">Sai Books</subfield>
    <subfield code="g">360.00</subfield>
    <subfield code="E">IS</subfield>
    <subfield code="G">RS</subfield>
    <subfield code="F">1</subfield>
    <subfield code="V">72</subfield>
    <subfield code="U">Rupees</subfield>
  </datafield>
  <datafield tag="952" ind1=" " ind2=" ">
    <subfield code="r">2024-01-26 00:00:00</subfield>
    <subfield code="l">0</subfield>
    <subfield code="o">001.64404  KUR;15</subfield>
    <subfield code="p">34438</subfield>
    <subfield code="W">20</subfield>
    <subfield code="v">288.00</subfield>
    <subfield code="w">2024-01-26</subfield>
    <subfield code="y">AA</subfield>
    <subfield code="1">0</subfield>
    <subfield code="4">0</subfield>
    <subfield code="7">0</subfield>
    <subfield code="8">CL</subfield>
    <subfield code="0">0</subfield>
    <subfield code="K">2005/INV/000034</subfield>
    <subfield code="L">07/06/2008</subfield>
    <subfield code="a">ML</subfield>
    <subfield code="b">ML</subfield>
    <subfield code="c">CL</subfield>
    <subfield code="d">2005-05-17</subfield>
    <subfield code="e">Sai Books</subfield>
    <subfield code="g">360.00</subfield>
    <subfield code="E">IS</subfield>
    <subfield code="G">RS</subfield>
    <subfield code="F">1</subfield>
    <subfield code="V">72</subfield>
    <subfield code="U">Rupees</subfield>
  </datafield>
  <datafield tag="952" ind1=" " ind2=" ">
    <subfield code="r">2026-02-02 08:21:41</subfield>
    <subfield code="l">2</subfield>
    <subfield code="o">001.64404  KUR;16</subfield>
    <subfield code="p">34439</subfield>
    <subfield code="W">20</subfield>
    <subfield code="s">2026-01-20</subfield>
    <subfield code="v">288.00</subfield>
    <subfield code="w">2024-01-26</subfield>
    <subfield code="y">AA</subfield>
    <subfield code="1">0</subfield>
    <subfield code="4">0</subfield>
    <subfield code="7">0</subfield>
    <subfield code="8">CL</subfield>
    <subfield code="0">0</subfield>
    <subfield code="K">2005/INV/000034</subfield>
    <subfield code="L">07/06/2008</subfield>
    <subfield code="a">ML</subfield>
    <subfield code="b">ML</subfield>
    <subfield code="c">CL</subfield>
    <subfield code="d">2005-05-17</subfield>
    <subfield code="e">Sai Books</subfield>
    <subfield code="g">360.00</subfield>
    <subfield code="E">IS</subfield>
    <subfield code="G">RS</subfield>
    <subfield code="F">1</subfield>
    <subfield code="V">72</subfield>
    <subfield code="U">Rupees</subfield>
  </datafield>
  <datafield tag="952" ind1=" " ind2=" ">
    <subfield code="r">2026-02-02 10:46:52</subfield>
    <subfield code="l">1</subfield>
    <subfield code="o">001.64404  KUR;19</subfield>
    <subfield code="p">39154</subfield>
    <subfield code="W">20</subfield>
    <subfield code="s">2026-01-20</subfield>
    <subfield code="v">300.00</subfield>
    <subfield code="w">2024-01-26</subfield>
    <subfield code="y">AA</subfield>
    <subfield code="1">0</subfield>
    <subfield code="4">0</subfield>
    <subfield code="7">0</subfield>
    <subfield code="8">CL</subfield>
    <subfield code="0">0</subfield>
    <subfield code="K">158</subfield>
    <subfield code="L">09/09/2004</subfield>
    <subfield code="a">ML</subfield>
    <subfield code="b">ML</subfield>
    <subfield code="c">CL</subfield>
    <subfield code="d">2005-12-07</subfield>
    <subfield code="e">Sai Books</subfield>
    <subfield code="g">375.00</subfield>
    <subfield code="E">TC/PG</subfield>
    <subfield code="G">RS</subfield>
    <subfield code="F">1</subfield>
    <subfield code="V">75</subfield>
    <subfield code="U">Rupees</subfield>
  </datafield>
  <datafield tag="952" ind1=" " ind2=" ">
    <subfield code="r">2026-02-09 13:39:48</subfield>
    <subfield code="l">2</subfield>
    <subfield code="o">001.64404  KUR;20</subfield>
    <subfield code="p">39155</subfield>
    <subfield code="W">20</subfield>
    <subfield code="s">2026-01-14</subfield>
    <subfield code="v">300.00</subfield>
    <subfield code="w">2024-01-26</subfield>
    <subfield code="y">AA</subfield>
    <subfield code="1">0</subfield>
    <subfield code="4">0</subfield>
    <subfield code="7">0</subfield>
    <subfield code="8">CL</subfield>
    <subfield code="0">0</subfield>
    <subfield code="K">158</subfield>
    <subfield code="L">09/09/2004</subfield>
    <subfield code="a">ML</subfield>
    <subfield code="b">ML</subfield>
    <subfield code="c">CL</subfield>
    <subfield code="d">2005-12-07</subfield>
    <subfield code="e">Sai Books</subfield>
    <subfield code="g">375.00</subfield>
    <subfield code="E">TC/PG</subfield>
    <subfield code="G">RS</subfield>
    <subfield code="F">1</subfield>
    <subfield code="V">75</subfield>
    <subfield code="U">Rupees</subfield>
  </datafield>
</record>
